000 00977nam a2200253 a 4500
003 BLK
005 20250716163331.0
008 220216b bu |||||r|||| 00| | bu d
020 _a9786197670264
040 _aBLK
041 _aBUL
_cBUL
080 _aАнглийска литература
_b821.111
_x-312.2
_z821.111-312.2
100 _9487942
_aГурна, Абдулразак
245 _aКрай морето
_cАбдулразак Гурна ; прев. Владимир Полеганов.
260 _9210561
_aСофия
_bЛабиринт
_c2023
_n978-619-7055- ; 5-87604-
300 _a288 с.
_c21 см
380 _aX
500 _aОриг. загл.: By The Sea / Abdulrazak Gurnah
700 _9336895
_aПолеганов, Владимир Христов
_eпрев.
852 _aЦб 320129
_bЦб
942 _cKNG
_n0
_s1
_014
944 _k30567
_c2023
_lПравда Бадева
999 _c491776
_d491776